Handbook of development economics/ (Record no. 5111)
[ view plain ]
| 000 -LEADER | |
|---|---|
| fixed length control field | 00796nac a22002051u 4500 |
| 020 ## - INTERNATIONAL STANDARD BOOK NUMBER | |
| International Standard Book Number | 0444823026 |
| 082 ## - DEWEY DECIMAL CLASSIFICATION NUMBER | |
| Classification number | 338.9 |
| Item number | B4218 |
| 090 ## - LOCALLY ASSIGNED LC-TYPE CALL NUMBER (OCLC); LOCAL CALL NUMBER (OCLC) | |
| -- | 5111 |
| -- | 5111 |
| 100 ## - MAIN ENTRY--PERSONAL NAME | |
| Personal name | 20080729 |
| 245 ## - TITLE STATEMENT | |
| Title | Handbook of development economics/ |
| Statement of responsibility, etc | Edited by Jere Behrman and T. N. Srinivasan |
| Number of part/section of a work | Volume 3B |
| 260 ## - PUBLICATION, DISTRIBUTION, ETC. (IMPRINT) | |
| Place of publication, distribution, etc | Amsterdam,The Netherlands |
| Name of publisher, distributor, etc | Elsevier,1988-1995 |
| Date of publication, distribution, etc | 1988-1995 |
| 300 ## - PHYSICAL DESCRIPTION | |
| Extent | 1v.; |
| Dimensions | 25 cm. |
| 490 ## - Series Statement | |
| Series statement | Handbooks in economics ; |
| Volume/sequential designation | 9 |
| 504 ## - BIBLIOGRAPHY, ETC. NOTE | |
| Bibliography, etc | Includes bibliographical references and index |
| 650 ## - SUBJECT ADDED ENTRY--TOPICAL TERM | |
| Topical term or geographic name as entry element | Development economics |
| 700 ## - ADDED ENTRY--PERSONAL NAME | |
| Personal name | Srinivasan, T. N. |
| 700 ## - ADDED ENTRY--PERSONAL NAME | |
| Personal name | Behrman, Jere R. |
| 942 ## - ADDED ENTRY ELEMENTS (KOHA) | |
| Item type | Book - Borrowing |
| Call number prefix | 338.9B4218 |
| Withdrawn status | Item status | Damaged status | Not for loan | Home library | Current library | Shelving location | Date acquired | Source of acquisition | Total Checkouts | Full call number | Barcode | Date last seen | Date last borrowed | Koha item type |
|---|---|---|---|---|---|---|---|---|---|---|---|---|---|---|
| Central Library | Central Library | First floor | 07/10/2016 | Purchase | 2 | 338.9 HAN | 000006168 | 15/07/2025 | 15/03/2011 | Book - Borrowing |